000 00972nam a22003017a 4500
003 CHAP
005 20220329135024.0
008 971013s1975 r 00010 d
010 _a29688
011 _a30660
035 _a34772
040 _cCHAP
082 _a631.8
_bC67 1975
100 0 0 _aCooke, G. W.
_927714
245 _aFertilizing for maximum yield
250 _a2 ed.
260 _aLondon :
_bCrosby Lockwood Staples,
_c1975
300 _a297 p.
_b: gráfs.
590 _aBATCH-UPD
_b10
_c20130110
_lUCH01
_h1713
590 _aCONVERSION
_b10
_c20130109
_lUCH01
_h1317
650 1 4 _aCultivos
_xRendimiento.
_930318
650 1 4 _aFertilizantes.
_940447
901 _aBK
942 _cLIBRO
949 _a631.8 C67 1975
_bBC
_cLIBRO
_d-80348
_eLIBRO
_fc.3
_h46587
_i34772
_si
_t346.50
949 _a631.8 C67 1975
_bBC
_cLIBRO
_d33724000172110
_eLIBRO
_fc.2
_h19280
_i34772
_si
_t346.50
949 _a631.8 C67 1975
_bBC
_cLIBRO
_d33724000172128
_eLIBRO
_h31527
_i34772
_si
_t346.50
999 _c29688
_d29688